000 00419nam a2200169Ia 4500
008 121031t1978 xxu||||| |||| 00| 0 sin d
041 _asin
080 _aX8S1
_bDHA
100 _aDhammananda Diyakaduve
245 _aමිගදාවත
246 _aMigadavatha
260 _bPunyadasa Dharmasena
_a-
_c1978
300 _b60p., 18 cm
942 _cBK
999 _c76180
_d76180
003 LK-CoDNM
040 _aLK-CoDNM
_dLK-CoDNM
_eLK-CoDNM